Japan and the United States in world trade
में बचाया:
| मुख्य लेखक: | |
|---|---|
| स्वरूप: | पुस्तक |
| भाषा: | Undetermined |
| प्रकाशित: |
New York
Harper & Row
1964
|
| विषय: | |
| टैग : |
टैग जोड़ें
कोई टैग नहीं, इस रिकॉर्ड को टैग करने वाले पहले व्यक्ति बनें!
|
| Thư viện lưu trữ: | Trung tâm Học liệu Trường Đại học Cần Thơ |
|---|
| LEADER | 00572nam a2200205Ia 4500 | ||
|---|---|---|---|
| 001 | CTU_81035 | ||
| 008 | 210402s9999 xx 000 0 und d | ||
| 082 | |a 382.0952 | ||
| 082 | |b H938 | ||
| 100 | |a Hunsberger, Warren S. | ||
| 245 | 0 | |a Japan and the United States in world trade | |
| 245 | 0 | |c Warren S. Hunsberger | |
| 260 | |a New York | ||
| 260 | |b Harper & Row | ||
| 260 | |c 1964 | ||
| 650 | |a Japan,United states | ||
| 650 | |x Commerce,Commerce | ||
| 650 | |z United states,Japan | ||
| 904 | |i Truc,Hải | ||
| 980 | |a Trung tâm Học liệu Trường Đại học Cần Thơ | ||